La promocin̤ de medicamentos dirigida a profesionales sanitarios Estudio desde la perspectiva del derecho mercantil /

Detalles Bibliográficos
Autor principal: Garca̕ Vidal, ℓngel
Formato: eBook
Lenguaje:español
Publicado: Madrid: Marcial Pons, 2013
Materias:
Acceso en línea:Acceso restringido

MARC

LEADER 00000nam a22000007a 4500
005 20180314231057.0
007 cr|||| ||||
008 180314s2013 es |||||s|||| 00||0 spa d
020 |a 978-84-91233-84-8 
035 |a 21063 
040 |a vLex 
090 |c 7477  |d 7477 
100 1 |a Garca̕ Vidal, ℓngel 
245 1 2 |a La promocin̤ de medicamentos dirigida a profesionales sanitarios  |h [Recurso electrn̤ico] :  |b Estudio desde la perspectiva del derecho mercantil /  |c ℓngel Garca̕ Vidal 
256 |a Servicio en ln̕ea 
260 |a Madrid:  |b Marcial Pons,  |c 2013 
300 |a 1 recurso electrn̤ico 
500 |a La promocin̤ de los medicamentos por parte de los laboratorios farmacǔticos tiene como destinatarios principales a los profesionales que pueden prescribirlos y dispensarlos. Esta actividad promocional ha dado lugar a una amplia y compleja normativa reguladora tanto en el m̀bito de la Unin̤ Europea como en los ordenamientos de los Estados miembros, adems̀ de a un extenso conjunto de disposiciones de autorregulacin̤ aprobadas por la propia industria farmacǔtica. La presente obra tiene por objeto el estudio de toda esta normativa, en relacin̤ con los medicamentos de uso humano, y desde el punto de vista del Derecho mercantil. Tras identificar la normativa publicitaria especial en materia de promocin̤ de medicamentos, se examina el m̀bito de aplicacin̤ de esta normativa, para lo cual se delimitan los conceptos de medicamento y de publicidad, as ̕como la figura de los profesionales sanitarios facultados para prescribir y dispensar medicamentos. Acto seguido, se analiza con detenimiento la prohibicin̤ de hacer publicidad de medicamentos que no hayan obtenido la autorizacin̤ de comercializacin̤, las consecuencias del principio de objetividad y la prohibicin̤ de publicidad engaǫsa. Posteriormente, se examina la obligacin̤ de incluir informacin̤ sobre los fr̀macos promocionados, el uso de informes y estudios cientf̕icos en la publicidad, la publicidad por medio de visitadores y la prohibicin̤ de promocionar medicamentos por medio de incentivos, primas y ventajas. En el estudio de todos estos problemas –de innegable trascendencia prc̀tica– el autor realiza un exhaustivo anl̀isis de la jurisprudencia comunitaria, nacional y comparada, as ̕como de las resoluciones del Jurado de Autocontrol. 
506 1 |a Disponible solo en los productos indicados  |d vLex Global  |d vLex Global (Academic Edition, excluding Law Schools)  |d vLex Global (U.S. Academic Edition, Law Schools)  |d vLex Global (U.S. Academic Edition, excluding Law Schools)  |d vLex Global (Academic Edition, Law Schools) 
650 0 4 |a Derecho Mercantil y de la Empresa  |z Espaą 
650 0 4 |a Derecho Pb︢lico y Administrativo  |z Espaą 
740 0 |a vLex Libros (Servicio en ln̕ea) 
856 4 0 |u http://vlex.com/source/promocion-de-medicamentos-dirigida-a-profesionales-sanitarios-estudio-desde-la-perspectiva-del-derecho-mercantil-21063  |z Acceso restringido 
942 |c BOOK 
999 0 |a Business and Company Law 
999 0 |a Public and Administrative Law